000
00314nam a22001337a 4500
020
_q
PB.
040
_c
fizza ishaq
082
_a
297.07
_b
BUK
100
_a
Bukhari, Z.A
_9
9930
245
_a
Islamic education /
_c
Z.S Bukhari
260
_a
lahore :
_b
urdu bazar,
_c
2011.
300
_a
371 p. ;
942
_2
ddc
_c
BKB
999
_c
566176
_d
566176